Handbuch der Justiz / 29. 2008/09
| Tipo de documento: | Print Libro |
|---|---|
| Lenguaje: | Alemán |
| Publicado: |
2008
|
| En: |
Handbuch der Justiz die Träger und Organe der rechtsprechenden Gewalt in der Bundesrepublik Deutschland
Año: 2008 |
| Disponibilidad en Tübingen: | Disponible en Tübingen. IFK: X I 11 |
| Verificar disponibilidad: | HBZ Gateway |
| Servicio de pedido Subito: | Pedir ahora. |
MARC
| LEADER | 00000cam a2200000 cc4500 | ||
|---|---|---|---|
| 001 | 1347342486 | ||
| 003 | DE-627 | ||
| 005 | 20220721075748.0 | ||
| 007 | tu | ||
| 008 | 080218s2008 xx ||||| 00| ||ger c | ||
| 020 | |a 9783768509077 |9 978-3-7685-0907-7 | ||
| 035 | |a (DE-627)1347342486 | ||
| 035 | |a (DE-576)277342481 | ||
| 035 | |a (DE-599)BSZ277342481 | ||
| 040 | |a DE-627 |b ger |c DE-627 |e rakwb | ||
| 041 | |a ger | ||
| 245 | 0 | 0 | |a Handbuch der Justiz |n 29. 2008/09 |
| 264 | 1 | |c 2008 | |
| 336 | |a Text |b txt |2 rdacontent | ||
| 337 | |a ohne Hilfsmittel zu benutzen |b n |2 rdamedia | ||
| 338 | |a Band |b nc |2 rdacarrier | ||
| 773 | 1 | 8 | |a Handbuch der Justiz die Träger und Organe der rechtsprechenden Gewalt in der Bundesrepublik Deutschland |w (DE-627)129073458 |w (DE-576)014405679 |w (DE-600)2357-7 |x 0073-0092 |g 29. 2008/09 |q 2008,29 |7 nnas |
| 935 | |h SWB |i vSatz | ||
| 951 | |a JV | ||
| ELC | |b 1 | ||
| LOK | |0 000 xxxxxcx a22 zn 4500 | ||
| LOK | |0 001 2582211737 | ||
| LOK | |0 003 DE-627 | ||
| LOK | |0 004 1347342486 | ||
| LOK | |0 005 20081010114524 | ||
| LOK | |0 008 081010||||||||||||||||ger||||||| | ||
| LOK | |0 040 |a DE-21-110 |c DE-627 |d DE-21-110 | ||
| LOK | |0 541 |e Z 08/41 | ||
| LOK | |0 852 |a DE-21-110 | ||
| LOK | |0 852 1 |c X I 11 |m p |9 00 | ||
| LOK | |0 938 |k p | ||
| LOK | |0 939 |a 10-10-08 |b l01 | ||
| ORI | |a SA-MARC-krimdoka001.raw | ||
| SIG | |a IFK: X I 11 | ||
